The Lord of The Rings Big Quiz - Statistics

General Stats
  • This quiz has been taken 96 times
  • The average score is 47 of 56
Answer Stats
Hint Answer % Correct
74 Aragorn
100%
121 Frodo Baggins
100%
71 Gandalf
100%
Frodo Baggins Hobbit
100%
Aragorn Men
100%
78 Samwise Gamgee
100%
Gimli Dwarf
99%
Legolas Elf
99%
34 Gollum
99%
31 Gimli
97%
How many rings for mortal men? Nine
97%
How many rings for the dwarf lords? Seven
97%
Smaug Dragon
96%
Who Bilbo has the duel with? Gollum
96%
31 Legolas
96%
41 Merry Brandybuck
96%
What causes Bilbo's sword Sting to glow blue Orc/Goblin
96%
50 Pippin Took
96%
One Ring to ____ them all Rule
96%
How many rings for the elven kings? Three
96%
Treebeard Ent
95%
Shagrat Orc
95%
Who is the ruler of Isengard? Saruman
95%
What was Gollum's original name? Sméagol
95%
Land of the Hobbits The Shire
95%
Gandalf Wizard
94%
And in the darkness ____ them Bind
90%
Shadowfax Horse
90%
20 Boromir
88%
Kingdom of the "horse-lords" Rohan
88%
The Black Land Mordor
87%
Who is the father of Boromir and Faramir? Denethor
84%
Who refused to destroy the One Ring? Isildur
84%
12 Faramir
83%
Durin's Bane Balrog
82%
One Ring to ____ them Find
82%
18 Éowyn
81%
Home of Galadriel Lothlórien
81%
The Witch-King of Angmar Nazgul
81%
15 Arwen
79%
The New King Under the Mountain Thorin Oakenshield
79%
Gwaihir the Windlord Eagle
75%
24 Théoden
75%
William, Bert, Tom Troll
75%
Ugluk Uruk-hai
75%
12 Elrond
74%
One Ring to ____ them all Bring
71%
The Mountain Range where Bilbo has his riddle duel Misty Mountains
70%
The King Under the Mountain's Father Thrain
68%
Another name for the Lonely Mountain Erebor
65%
Original King Under the Mountain Thror
61%
Who is Sauron's deadliest servant? The Witch-King of Angmar
58%
Who is the Lieutenant of Barad-dûr? The Mouth of Sauron
49%
Shelob Giant Spider
42%
The answer to the last riddle The One Ring
38%
13 Bilbo Baggins
17%
No matching quizzes found
Score Distribution
Percent of People with Each Score
Percentile by Number Answered
Your Score History
You have not taken this quiz